<?xml version="1.0" encoding="UTF-8"?>
<record
    xmlns:xsi="http://www.w3.org/2001/XMLSchema-instance"
    xsi:schemaLocation="http://www.loc.gov/MARC21/slim http://www.loc.gov/standards/marcxml/schema/MARC21slim.xsd"
    xmlns="http://www.loc.gov/MARC21/slim">

  <leader>00831nam a22002177a 4500</leader>
  <controlfield tag="003">BDDh-ASL</controlfield>
  <controlfield tag="005">20231120150217.0</controlfield>
  <controlfield tag="008">231120b1998    nyu||||| |||| 00| 0 eng d</controlfield>
  <datafield tag="040" ind1=" " ind2=" ">
    <subfield code="c">BDDh-ASL</subfield>
  </datafield>
  <datafield tag="041" ind1=" " ind2=" ">
    <subfield code="a">eng</subfield>
  </datafield>
  <datafield tag="082" ind1=" " ind2=" ">
    <subfield code="a">954</subfield>
    <subfield code="b">ROY</subfield>
  </datafield>
  <datafield tag="110" ind1="1" ind2=" ">
    <subfield code="a">Cambridge University Press, London. </subfield>
    <subfield code="9">8229</subfield>
  </datafield>
  <datafield tag="245" ind1="1" ind2="0">
    <subfield code="a">Transactions of the Royal Historical Society: </subfield>
    <subfield code="b">Volume- VIII./</subfield>
  </datafield>
  <datafield tag="260" ind1=" " ind2=" ">
    <subfield code="a">London: </subfield>
    <subfield code="b">Cambridge University Press, </subfield>
    <subfield code="c">1998.</subfield>
  </datafield>
  <datafield tag="300" ind1=" " ind2=" ">
    <subfield code="a">386 p.: </subfield>
    <subfield code="c">22 c.m. </subfield>
  </datafield>
  <datafield tag="440" ind1=" " ind2=" ">
    <subfield code="a">Royal Historical Society: Sixth Series </subfield>
    <subfield code="9">8344</subfield>
    <subfield code="n"> 8</subfield>
  </datafield>
  <datafield tag="504" ind1=" " ind2=" ">
    <subfield code="a">Include Bibliographical References.</subfield>
  </datafield>
  <datafield tag="650" ind1=" " ind2="0">
    <subfield code="a">History (&#x987;&#x9A4;&#x9BF;&#x9B9;&#x9BE;&#x9B8;)</subfield>
    <subfield code="9">4586</subfield>
  </datafield>
  <datafield tag="650" ind1=" " ind2="0">
    <subfield code="a">History and Heritage (&#x987;&#x9A4;&#x9BF;&#x9B9;&#x9BE;&#x9B8; &#x993; &#x990;&#x9A4;&#x9BF;&#x9B9;&#x9CD;&#x9AF;) , &#x987;&#x9A4;&#x9BF;&#x9B9;&#x9BE;&#x9B8;, History, Etihas, Itihas O Oitijjo, Etihash O Aitijjaya , Aitijjha</subfield>
    <subfield code="9">7488</subfield>
  </datafield>
  <datafield tag="942" ind1=" " ind2=" ">
    <subfield code="2">ddc</subfield>
    <subfield code="c">BK</subfield>
  </datafield>
  <datafield tag="952" ind1=" " ind2=" ">
    <subfield code="0">0</subfield>
    <subfield code="1">0</subfield>
    <subfield code="2">ddc</subfield>
    <subfield code="4">0</subfield>
    <subfield code="7">0</subfield>
    <subfield code="8">NFIC</subfield>
    <subfield code="a">ASL</subfield>
    <subfield code="b">ASL</subfield>
    <subfield code="c">SIC</subfield>
    <subfield code="d">2023-11-20</subfield>
    <subfield code="e">Donated by Prof. Sirajul Islam, FRHS</subfield>
    <subfield code="h">V-8</subfield>
    <subfield code="l">0</subfield>
    <subfield code="o">954 ROY</subfield>
    <subfield code="p">125116</subfield>
    <subfield code="r">2023-11-20 00:00:00</subfield>
    <subfield code="t">C-1</subfield>
    <subfield code="w">2023-11-20</subfield>
    <subfield code="y">BK</subfield>
    <subfield code="z">Y-1998</subfield>
  </datafield>
  <datafield tag="999" ind1=" " ind2=" ">
    <subfield code="c">34424</subfield>
    <subfield code="d">34424</subfield>
  </datafield>
</record>
